Security of Online Systems
Súčasný stav technológií. Vznik nových technológií. Zabezpečenie vnútorných komponentov zariadení.
Salvato in:
| Autore principale: | |
|---|---|
| Natura: | Capitolo di libro |
| Lingua: | inglese |
| Soggetti: | |
| Tags: |
Nessun Tag, puoi essere il primo ad aggiungerne!!
|
MARC
| LEADER | 00000naa$a2200000$$$4500 | ||
|---|---|---|---|
| 001 | 0248839 | ||
| 005 | 20240502073959.3 | ||
| 041 | 0 | |a eng | |
| 044 | |a SK | ||
| 245 | 1 | 0 | |a Security of Online Systems |c Pavol Sojka |
| 520 | |a Súčasný stav technológií. Vznik nových technológií. Zabezpečenie vnútorných komponentov zariadení. | ||
| 610 | 2 | 0 | |a technológie informačné |
| 610 | 2 | 0 | |a technológie komunikačné |
| 610 | 2 | 0 | |a technológie nové |
| 610 | 2 | 0 | |a internet |
| 610 | 2 | 0 | |a internet vecí |
| 610 | 2 | 0 | |a siete počítačové |
| 610 | 2 | 0 | |a bezpečnosť |
| 610 | 2 | 0 | |a bezpečnosť elektronická |
| 610 | 2 | 0 | |a bezpečnosť kybernetická |
| 610 | 2 | 0 | |a bezpečnosť informačná |
| 100 | 1 | |a Sojka, Pavol, 1978- | |